Central Library OPAC University of Rajshahi

Women and national development : (Record no. 37039)

MARC details
000 -LEADER
fixed length control field 01698nam a2200337 a 4500
001 - CONTROL NUMBER
control field 37039
003 - CONTROL NUMBER IDENTIFIER
rucl marc code BD-RjUL
005 - DATE AND TIME OF LATEST TRANSACTION
control field 20211209052554.0
008 - FIXED-LENGTH DATA ELEMENTS--GENERAL INFORMATION
fixed length control field 141012r19771977ilua b 101 0 eng
020 ## - INTERNATIONAL STANDARD BOOK NUMBER
International Standard Book Number 0226893146 :
International Standard Book Number 0226893154 (pbk.) :
035 ## - SYSTEM CONTROL NUMBER
System control number (BD-RjUL)37141
040 ## - CATALOGING SOURCE
Original cataloging agency DLC
Transcribing agency DLC
Modifying agency DLC
-- BD-RjUL
Language of cataloging eng
041 ## - LANGUAGE CODE
Language code of text/sound track or separate title eng
082 00 - DEWEY DECIMAL CLASSIFICATION NUMBER
Classification number 331.4091724
Author mark and year WOM 1977
245 00 - TITLE STATEMENT
Title Women and national development :
Remainder of title the complexities of change /
Statement of responsibility, etc. [edited by] Wellesley Editorial Committee, Ximena Bunster B. ... [et al.].
260 ## - PUBLICATION, DISTRIBUTION, ETC. (IMPRINT)
Place of publication, distribution, etc. Chicago :
Name of publisher, distributor, etc. University of Chicago Press,
Date of publication, distribution, etc. 1977.
300 ## - PHYSICAL DESCRIPTION
Pagination xiv, 346 p. :
Illustrations ill. ;
Size 24 cm.
500 ## - GENERAL NOTE
General note "Based on a conference on women and development held June 2-6, 1976. Sponsored by the Center for Research on Women in Higher Education and the Professions, Wellesley College; the African Studies Association; the Association for Asian Studies; and the Latin American Studies Association."
General note "Originally appeared as the autumn 1977 issue of Signs, journal of women in culture and society (volume 3, number 1)."
504 ## - BIBLIOGRAPHY, ETC. NOTE
Bibliography, etc Includes bibliographical references and index.
650 #0 - SUBJECT ADDED ENTRY--TOPICAL TERM
Topical term or geographic name as entry element Women
General subdivision Employment
Geographic subdivision Developing countries
General subdivision Congresses.
9 (RLIN) 113213
Topical term or geographic name as entry element Women in development
Geographic subdivision Developing countries
General subdivision Congresses.
9 (RLIN) 113214
Topical term or geographic name as entry element Women's rights
Geographic subdivision Developing countries
General subdivision Congresses.
9 (RLIN) 113215
651 #0 - SUBJECT ADDED ENTRY--GEOGRAPHIC NAME
Geographic name Developing countries
General subdivision Economic policy
-- Congresses.
9 (RLIN) 113216
700 ## - ADDED ENTRY--PERSONAL NAME
Personal name Bunster B, Ximena
710 2# - ADDED ENTRY--CORPORATE NAME
Corporate name or jurisdiction name as entry element Wellesley College.
Subordinate unit Center for Research on Women in Higher Education and the Professions.
9 (RLIN) 113218
942 ## - ADDED ENTRY ELEMENTS (KOHA)
Source of classification or shelving scheme Dewey Decimal Classification
Koha item type Books
Holdings
Lost status Source of classification or shelving scheme Damaged status Not for loan Collection code Permanent Location Current Location Shelving location Date acquired Source of acquisition Total Checkouts Full call number Date last seen Copy number Koha item type Cost, normal purchase price
  Dewey Decimal Classification   Not For Loan Non-fiction Central Library, University of Rajshahi Central Library, University of Rajshahi   12/10/2014 Asia Foundation   331.4091724 WOM 1977 12/10/2014 C-1 Books  
  Dewey Decimal Classification     Non-fiction Central Library, University of Rajshahi Central Library, University of Rajshahi   22/11/2008 Asia foundation   331.4091724 WOM 1977 04/09/2016 C-3 Books 0.00
  Dewey Decimal Classification     Non-fiction Central Library, University of Rajshahi Central Library, University of Rajshahi   03/11/2007 Asia foundation   331.4091724 WOM 1977 18/12/2016 C-2 Books